Computers and intractability : a guide to the theory of NP-completeness /
Guardado en:
| Autor Principal: | |
|---|---|
| Otros Autores: | |
| Formato: | Libro |
| Idioma: | English |
| Publicado: |
San Francisco :
W. H. Freeman,
c1979.
|
| Series: | A Series of books in the mathematical sciences
|
| Materias: | |
| Etiquetas: |
Agregar Etiqueta
Sin Etiquetas, Sea el primero en etiquetar este registro!
|
| LEADER | 00955cam a2200289 a 4500 | ||
|---|---|---|---|
| 001 | DCC.dcic000968 | ||
| 008 | 780814s1979####caua#####b####001#0#eng## | ||
| 005 | 20151130121535.0 | ||
| 245 | 1 | 0 | |a Computers and intractability : |b a guide to the theory of NP-completeness / |c Michael R. Garey, David S. Johnson. |
| 260 | |a San Francisco : |b W. H. Freeman, |c c1979. | ||
| 300 | |a x, 338 p. : |b il. ; |c 24 cm. | ||
| 490 | 0 | |a A Series of books in the mathematical sciences | |
| 504 | |a Bibliografía: p. [291]-325. | ||
| 500 | |a Incluye índices. | ||
| 020 | |a 0716710447. | ||
| 020 | |a 0716710455 | ||
| 100 | 1 | |a Garey, Michael R. | |
| 700 | 1 | |a Johnson, David S., |d 1945- |e joint author. | |
| 740 | |a NP-completeness. | ||
| 082 | 0 | 0 | |a 519.4 |
| 650 | 0 | |a Computer programming. | |
| 650 | 0 | |a Computer algorithms. | |
| 650 | 0 | |a Computational complexity. | |
| 010 | |a 78012361 | ||
| 040 | |a DLC |c DLC |d DLC | ||
| 050 | 0 | 0 | |a QA76.6 |b .G35 |
| 859 | |a DCIC |b BIB. COMPUTACION |p 1659 | ||
